[Event "Milan Crespi op-C 33rd"]
[Site "Milan"]
[Date "2012.12.09"]
[Round "6"]
[White "Resta, Andrea"]
[Black "Priori, Gabriele"]
[Result "1-0"]
[WhiteElo "1688"]
[BlackElo "1608"]
[PlyCount "83"]
[EventDate "2012.12.05"]
[EventType "swiss"]
[EventRounds "7"]
[EventCountry "ITA"]
[SourceTitle "EXT 2024"]
[Source "ChessBase"]
[SourceDate "2023.10.10"]
[SourceVersion "1"]
[SourceVersionDate "2023.10.10"]
[SourceQuality "1"]

1. d4 Nf6 2. c4 g6 3. Nc3 Bg7 4. e4 d6 5. Be2 0-0 6. f4 Bd7 7. Nf3 Qe8 8. 0-0 e5 9. fxe5 dxe5 10. Nxe5 Nc6 11. Nxd7 Nxd7 12. d5 Nce5 13. Be3 Qd8 14. Kh1 Nb6 15. Bd4 c5 16. Bxc5 Nbxc4 17. Bxc4 Nxc4 18. Bxf8 Qxf8 19. Qe2 Ne5 20. Rad1 a6 21. a4 h5 22. h3 Qd6 23. Rf2 Bf6 24. Qe3 Kg7 25. Rdf1 Be7 26. Ne2 Rf8 27. Qc3 g5 28. Rf5 f6 29. Nd4 Kg6 30. Nf3 Nd7 31. Nd2 Bd8 32. Nc4 Qc5 33. Ne5+ fxe5 34. Qxc5 Nxc5 35. Rxf8 Ba5 36. R1f6+ Kg7 37. R6f7+ Kg6 38. Re7 Nxe4 39. Rf3 Nc5 40. Rxe5 Bc7 41. Re1 Nxa4 42. Re6+ 1-0